Structure and properties of multiphase polymeric materials /

Guardado en:
Otros Autores: Araki, Takeo., Tran-Cong-Miyata, Qui, 1952-, Shibayama, Mitsuhiro.
Formato: Libro
Idioma:English
Publicado: New York : M. Dekker, c1998.
Series:Plastics engineering (Marcel Dekker, Inc.) ; 46.
Materias:
Acceso en línea:Publisher description
Etiquetas: Agregar Etiqueta
Sin Etiquetas, Sea el primero en etiquetar este registro!
LEADER 01088cam a2200301 a 4500
001 EIQ.libpla004370
008 971230s1998####nyua#####b####001#0#eng##
005 20130405120949.0
245 0 0 |a Structure and properties of multiphase polymeric materials /  |c edited by Takeo Araki, Qui Tran-Cong, Mitsuhiro Shibayama. 
260 |a New York :  |b M. Dekker,  |c c1998. 
300 |a x, 461 p. :  |b il. ;  |c 24 cm. 
490 1 |a Plastics engineering ;  |v 46 
504 |a Incluye referencias bibliográficas e índice. 
020 |a 0824701429 
700 1 |a Araki, Takeo. 
700 1 |a Tran-Cong-Miyata, Qui,  |d 1952- 
700 1 |a Shibayama, Mitsuhiro. 
830 0 |a Plastics engineering (Marcel Dekker, Inc.) ;  |v 46. 
082 0 0 |a 668.9  |2 21 
650 0 |a Plastics 
650 0 |a Polymers  |x Structures 
650 0 |a Plásticos 
650 0 |a Polímeros  |x Estructuras 
010 |a  97052811 á 
040 |a DLC  |c DLC  |d DLC 
050 0 0 |a TP1120  |b .S796 1998 
856 4 2 |3 Publisher description  |u http://www.loc.gov/catdir/enhancements/fy0647/97052811-d.html 
859 |a AR-BbSID  |b BIB. PLAPIQUI  |h 668.9  |i Ar11  |p 4742